[Event "HUN-chT2 Szechenyi 1314"]
[Site "Hungary"]
[Date "2013.09.08"]
[Round "1.11"]
[White "Kiss, Laszlo3333"]
[Black "Grull, Mate"]
[Result "1-0"]
[WhiteElo "1687"]
[BlackElo "1651"]
[PlyCount "77"]
[EventDate "2013.09.08"]
[EventType "team-tourn"]
[EventRounds "11"]
[EventCountry "HUN"]
[SourceTitle "EXT 2016"]
[Source "ChessBase"]
[SourceDate "2015.10.08"]
[SourceVersion "1"]
[SourceVersionDate "2015.10.08"]
[SourceQuality "1"]
[WhiteTeam "Arboretum"]
[BlackTeam "Szombathely Haladas III"]
[WhiteTeamCountry "HUN"]
[BlackTeamCountry "HUN"]

1. c4 e5 2. Nc3 Nf6 3. Nf3 Nc6 4. d4 exd4 5. Nxd4 Bb4 6. Nxc6 bxc6 7. Bd2 d5 8. e3 0-0 9. Be2 Ba6 10. Qa4 Bxc3 11. Bxc3 Bb7 12. 0-0 Ne4 13. Ba5 Nc5 14. Qb4 Qd6 15. Bxc7 Qxc7 16. Qxc5 Rfc8 17. Rac1 Qd7 18. Rfd1 Qe6 19. b3 Rd8 20. h3 h6 21. Rd4 Rd7 22. Rcd1 a6 23. e4 Rad8 24. Bg4 Qd6 25. Qxd6 Rxd6 26. c5 Rg6 27. f4 Re8 28. exd5 cxd5 29. Bf3 Rf6 30. Bxd5 Bxd5 31. Rxd5 Rxf4 32. Rd8 Rfe4 33. Rxe8+ Rxe8 34. Kf2 a5 35. Rd5 Rc8 36. Ke3 Kf8 37. Kd4 Ke7 38. Kc4 Rb8 39. a3 1-0

[Event "HUN-chT2 Szechenyi 1213"]
[Site "Hungary"]
[Date "2013.03.24"]
[Round "9.10"]
[White "Kurcsis, Erika"]
[Black "Grull, Mate"]
[Result "1-0"]
[WhiteElo "1707"]
[BlackElo "1647"]
[PlyCount "79"]
[EventDate "2012.09.16"]
[EventType "team-tourn"]
[EventRounds "11"]
[EventCountry "HUN"]
[SourceTitle "EXT 2014"]
[Source "ChessBase"]
[SourceDate "2013.11.20"]
[SourceVersion "1"]
[SourceVersionDate "2013.11.20"]
[SourceQuality "1"]
[WhiteTeam "Lovo"]
[BlackTeam "Haladas III"]
[WhiteTeamCountry "HUN"]
[BlackTeamCountry "HUN"]

1. e4 d5 2. exd5 Qxd5 3. Nc3 Qa5 4. Bc4 c6 5. h3 Nf6 6. Nf3 Bf5 7. 0-0 e6 8. d3 Nbd7 9. Be3 Bb4 10. Ne2 0-0-0 11. a3 Bd6 12. b4 Qc7 13. Rb1 Nd5 14. Bxd5 exd5 15. a4 Ne5 16. Nfd4 Be6 17. Nxe6 fxe6 18. b5 c5 19. d4 Nc4 20. dxc5 Bxc5 21. Bxc5 Qxc5 22. Nd4 Rde8 23. Nf3 Rhf8 24. Nd2 Ne3 25. fxe3 Qxe3+ 26. Kh1 Rxf1+ 27. Nxf1 Qe4 28. a5 g6 29. b6 a6 30. Qe1 Qc4 31. Nd2 Qc6 32. Rc1 e5 33. Nf3 d4 34. Qd2 Qb5 35. Re1 Qd5 36. Nxd4 Rd8 37. Qc3+ Kb8 38. Nf3 e4 39. Qe5+ Qxe5 40. Nxe5 1-0

[Event "HUN-chT U18"]
[Site "Budapest"]
[Date "2012.10.28"]
[Round "1.8"]
[White "Grimm, Daniel"]
[Black "Grull, Mate"]
[Result "1-0"]
[WhiteElo "2132"]
[BlackElo "1647"]
[PlyCount "119"]
[EventDate "2012.10.28"]
[EventType "team-swiss"]
[EventRounds "8"]
[EventCountry "HUN"]
[SourceTitle "EXT 2020"]
[Source "ChessBase"]
[SourceDate "2019.10.17"]
[SourceVersion "1"]
[SourceVersionDate "2019.10.17"]
[SourceQuality "1"]

1. e4 d5 2. exd5 Qxd5 3. Nc3 Qa5 4. d4 c6 5. g3 Nf6 6. Bg2 Bf5 7. Nge2 e6 8. 0-0 Nbd7 9. a3 Bb4 10. Bd2 Bxc3 11. Bxc3 Qc7 12. Bd2 0-0 13. Re1 Rad8 14. c4 Nb6 15. Bf4 Qc8 16. c5 Nbd5 17. Be5 b6 18. b4 Qa6 19. Qc1 Rc8 20. h3 Bd3 21. Nf4 Nxf4 22. Qxf4 Nd5 23. Qd2 bxc5 24. bxc5 Rfe8 25. Bd6 Ne7 26. g4 Bc4 27. Rec1 Bd5 28. Bf1 Qa4 29. Rcb1 a5 30. Be2 Ng6 31. Bd1 Nh4 32. Qe3 Qc4 33. Bg3 Ng2 34. Qd2 e5 35. Bb3 Qxd4 36. Qxd4 exd4 37. Bxd5 cxd5 38. Kxg2 Rxc5 39. Rd1 Rc4 40. Rab1 a4 41. Rb5 Rd8 42. Be5 Rc3 43. Rxd4 Rxa3 44. Ra5 f6 45. Bf4 g6 46. Raxa4 Rxa4 47. Rxa4 h5 48. gxh5 gxh5 49. Ra7 d4 50. Kf1 d3 51. Ke1 Rd4 52. Bg3 h4 53. Bc7 d2+ 54. Kd1 Rd3 55. Ra4 Rxh3 56. Kxd2 Rf3 57. Ke2 Rc3 58. Bb6 Rh3 59. Kf1 Kg7 60. Be3 1-0

[Event "HUN-ch U12"]
[Site "Budapest"]
[Date "2010.07.03"]
[Round "8"]
[White "Farkas, Akos"]
[Black "Grull, Mate"]
[Result "1-0"]
[WhiteElo "1457"]
[BlackElo "1629"]
[PlyCount "123"]
[EventDate "2010.06.26"]
[EventType "swiss"]
[EventRounds "9"]
[EventCountry "HUN"]
[SourceTitle "CBM 137 Extra"]
[Source "ChessBase"]
[SourceDate "2010.09.01"]
[SourceVersion "1"]
[SourceVersionDate "2010.09.01"]
[SourceQuality "1"]

1. Nf3 Nf6 2. d3 Nc6 3. g3 e5 4. Nbd2 d6 5. Bg2 Bd7 6. 0-0 Be7 7. Re1 0-0 8. b3 Rb8 9. Bb2 Qc8 10. e4 Re8 11. Nc4 Bg4 12. Ne3 Bxf3 13. Qxf3 Bf8 14. c3 Qd7 15. Rad1 b5 16. Nc2 a5 17. d4 b4 18. cxb4 axb4 19. dxe5 Nxe5 20. Bxe5 Rxe5 21. Qf4 Qg4 22. Qxg4 Nxg4 23. Rd5 Rxd5 24. exd5 Nf6 25. Rc1 Rb5 26. Ne3 Rc5 27. Rc4 Nd7 28. Rxc5 dxc5 29. Kf1 Ne5 30. Ke2 Bd6 31. f4 Nd7 32. Nc4 f6 33. Kd3 Kf7 34. Be4 h6 35. Ne3 g6 36. Ng2 g5 37. Bf5 Nb6 38. Be6+ Ke7 39. Ne3 gxf4 40. Nf5+ Kf8 41. Nxd6 cxd6 42. gxf4 Kg7 43. f5 h5 44. h4 Kf8 45. Kc2 Ke7 46. Kd3 Kf8 47. Kc2 Kg7 48. Kd3 Kf8 49. Kc2 Kg7 50. Kb2 Kf8 51. a4 bxa3+ 52. Kxa3 Ke7 53. b4 c4 54. b5 Kf8 55. Kb4 Ke7 56. Bg8 Kf8 57. Bh7 Kg7 58. Bg6 Kh6 59. Be8 Nxd5+ 60. Kxc4 Nb6+ 61. Kb4 Kg7 62. Bxh5 1-0

[Event "HUN-ch U12"]
[Site "Balatonlelle"]
[Date "2009.07.05"]
[Round "9"]
[White "Grull, Mate"]
[Black "Hajdinak, Martin"]
[Result "0-1"]
[WhiteElo "1119"]
[BlackElo "1137"]
[PlyCount "52"]
[EventDate "2009.06.27"]
[EventType "swiss"]
[EventRounds "9"]
[EventCountry "HUN"]
[SourceTitle "EXT 2011"]
[Source "ChessBase"]
[SourceDate "2010.11.26"]
[SourceVersion "1"]
[SourceVersionDate "2010.11.26"]
[SourceQuality "1"]

1. e4 e5 2. Nf3 Nc6 3. Bc4 Nf6 4. Ng5 d5 5. exd5 Na5 6. Bb5+ c6 7. dxc6 bxc6 8. Be2 h6 9. Nf3 e4 10. Ne5 Bd6 11. d4 Qe7 12. Bf4 Bxe5 13. Bxe5 Qb4+ 14. Qd2 Qxb2 15. Qd1 Qxa1 16. Nd2 Qxa2 17. 0-0 0-0 18. Qb1 Qxb1 19. Rxb1 Bg4 20. Ba6 Bc8 21. Bxc8 Rfxc8 22. Rb2 c5 23. Rb5 Nc6 24. Bxf6 gxf6 25. dxc5 Nd4 26. Rb4 Nxc2 0-1

[Event "HUN-ch U12"]
[Site "Balatonlelle"]
[Date "2009.06.30"]
[Round "4"]
[White "Grull, Mate"]
[Black "Majnay, Peter"]
[Result "1/2-1/2"]
[WhiteElo "1119"]
[BlackElo "1531"]
[PlyCount "57"]
[EventDate "2009.06.27"]
[EventType "swiss"]
[EventRounds "9"]
[EventCountry "HUN"]
[SourceTitle "EXT 2011"]
[Source "ChessBase"]
[SourceDate "2010.11.26"]
[SourceVersion "1"]
[SourceVersionDate "2010.11.26"]
[SourceQuality "1"]

1. e4 e5 2. Nf3 Nc6 3. Bc4 Nf6 4. Ng5 d5 5. exd5 Nd4 6. c3 b5 7. cxd4 bxc4 8. dxe5 Nxd5 9. Nf3 Bg4 10. Qa4+ Qd7 11. Qxd7+ Kxd7 12. Nc3 Bxf3 13. gxf3 Nxc3 14. dxc3 Re8 15. Be3 Rxe5 16. 0-0-0+ Bd6 17. Rd4 Rf5 18. f4 Rc5 19. Rhd1 Rc6 20. Kb1 Re8 21. Rd5 a6 22. f5 Ke7 23. Re1 Kf8 24. f6 Kg8 25. fxg7 Bxh2 26. Rh1 Be5 27. Bh6 Bxg7 28. Bxg7 Kxg7 29. Rg1+ 1/2-1/2

[Event "HUN-ch U12"]
[Site "Balatonlelle"]
[Date "2009.06.28"]
[Round "2"]
[White "Grull, Mate"]
[Black "Korpa, Bence"]
[Result "0-1"]
[WhiteElo "1119"]
[BlackElo "2078"]
[PlyCount "98"]
[EventDate "2009.06.27"]
[EventType "swiss"]
[EventRounds "9"]
[EventCountry "HUN"]
[SourceTitle "EXT 2011"]
[Source "ChessBase"]
[SourceDate "2010.11.26"]
[SourceVersion "1"]
[SourceVersionDate "2010.11.26"]
[SourceQuality "1"]

1. e4 e5 2. Nf3 d6 3. d4 exd4 4. Nxd4 Nf6 5. Nc3 Be7 6. Bc4 0-0 7. 0-0 Nbd7 8. f3 Ne5 9. Bb3 a6 10. a4 Nfd7 11. Nd5 Nc5 12. Ba2 c6 13. Nxe7+ Qxe7 14. Bf4 Nxa4 15. Bxe5 dxe5 16. Ne2 Nc5 17. Nc3 Be6 18. Bxe6 Nxe6 19. Qe2 Nf4 20. Qf2 Rad8 21. Rfd1 Qb4 22. Rab1 Rxd1+ 23. Nxd1 Rd8 24. c3 Qc4 25. Ne3 Qd3 26. Rf1 g6 27. h3 Qd7 28. Ng4 Qe7 29. Qb6 Rd2 30. Rf2 Rd7 31. Qa5 c5 32. Qb6 Kg7 33. Kh2 c4 34. Qe3 h5 35. Nxe5 Qxe5 36. g3 Nd3 37. Rd2 Re7 38. Re2 f5 39. Qd4 f4 40. g4 hxg4 41. hxg4 b5 42. Qb6 Qg5 43. Qd4+ Qf6 44. Qd8 Rf7 45. Qxf6+ Rxf6 46. g5 Re6 47. Kh3 Ne5 48. Rf2 Rd6 49. Kg2 Rd3 0-1